Loading...
| Fine Arts - Classical Music and Opera | 1 | 5 | 0 | 0 | 65 | 57 | 104.33 | 0 | 1 | 0.00 | 0.00 |
| Beliefs | 0 | 3 | 0 | 0 | 30 | 94 | 115.67 | 0 | 0 | 0.00 | 0.00 |
| Literature - World | 1 | 1 | 0 | 0 | 25 | 69 | 96.50 | 0 | 1 | 0.00 | 0.00 |
| Fine Arts - Other Arts | 1 | 1 | 0 | 0 | 25 | 43 | 78.50 | 1 | 1 | 0.00 | 0.00 |
| Science - Chemistry | 0 | 2 | 0 | 0 | 20 | 102 | 114.50 | 0 | 0 | 0.00 | 0.00 |
| Visual Arts | 0 | 1 | 0 | 0 | 10 | 110 | 110.00 | 0 | 0 | 0.00 | 0.00 |
| Literature - European | 0 | 1 | 0 | 1 | 10 | 141 | 141.00 | 0 | 0 | 0.00 | 0.00 |
| Other Academic | 0 | 1 | 0 | 0 | 10 | 108 | 108.00 | 0 | 0 | 0.00 | 0.00 |
| Science - Biology | 0 | 1 | 0 | 1 | 10 | 129 | 129.00 | 0 | 0 | 0.00 | 0.00 |
| Science - Other | 0 | 1 | 0 | 0 | 10 | 102 | 102.00 | 0 | 0 | 0.00 | 0.00 |
| Literature - American | 0 | 1 | 1 | 0 | 5 | 86 | 86.00 | 0 | 0 | 0.00 | 0.00 |
| Philosophy | 0 | 1 | 1 | 0 | 5 | 127 | 127.00 | 0 | 0 | 0.00 | 0.00 |
| Social Science | 0 | 1 | 1 | 0 | 5 | 84 | 84.00 | 0 | 1 | 0.00 | 0.00 |
| History - Ancient | 0 | 0 | 0 | 0 | 0 | 0.00 | 0 | 0 | 0.00 | 0.00 |